[Event "Astana Zhuldyzdary op-A"]
[Site "Astana"]
[Date "2023.07.14"]
[Round "5"]
[White "Sarzhanov, Chingizkhan"]
[Black "Igambergenov, Alibek"]
[Result "0-1"]
[WhiteElo "1889"]
[BlackElo "2420"]
[PlyCount "60"]
[EventDate "2023.07.11"]
[EventType "swiss"]
[EventRounds "10"]
[EventCountry "KAZ"]
[SourceTitle "CBM 215 Extra"]
[Source "ChessBase"]
[SourceDate "2023.09.30"]
[SourceVersion "1"]
[SourceVersionDate "2023.09.30"]
[SourceQuality "1"]

1. d4 Nf6 2. Nf3 c5 3. d5 d6 4. c4 e5 5. Nc3 Be7 6. e4 0-0 7. Be2 Nbd7 8. 0-0 a6 9. Nh4 Nxd5 10. Qxd5 Nb6 11. Qd3 Bxh4 12. f4 Be6 13. b3 exf4 14. Bxf4 Bf6 15. Qg3 Qd7 16. Rad1 Bd4+ 17. Kh1 Rad8 18. e5 dxe5 19. Bxe5 Bxe5 20. Qxe5 Qc8 21. Ne4 Rxd1 22. Rxd1 Nd7 23. Qd6 h6 24. Bf3 b5 25. cxb5 axb5 26. Nc3 Qb8 27. Bc6 b4 28. Na4 Ne5 29. Qxc5 Rc8 30. Rd6 Bd7 0-1

[Event "Astana Zhuldyzdary op-A"]
[Site "Astana"]
[Date "2023.07.13"]
[Round "4"]
[White "Arestanov, Timur"]
[Black "Sarzhanov, Chingizkhan"]
[Result "0-1"]
[WhiteElo "2216"]
[BlackElo "1889"]
[PlyCount "188"]
[EventDate "2023.07.11"]
[EventType "swiss"]
[EventRounds "10"]
[EventCountry "KAZ"]
[SourceTitle "CBM 215 Extra"]
[Source "ChessBase"]
[SourceDate "2023.09.30"]
[SourceVersion "1"]
[SourceVersionDate "2023.09.30"]
[SourceQuality "1"]

1. d4 Nf6 2. c4 e6 3. g3 d5 4. Bg2 Bb4+ 5. Bd2 a5 6. Nf3 dxc4 7. Qc2 0-0 8. Qxc4 b6 9. Bxb4 Ba6 10. Qb3 axb4 11. Qxb4 Nc6 12. Qc3 Qd6 13. Nbd2 Rad8 14. Nb3 Ne4 15. Qc2 f5 16. a3 Qd5 17. Rd1 Rd6 18. 0-0 Bxe2 19. Qxe2 Qxb3 20. Rd3 Qc4 21. Qe3 Rfd8 22. Rc1 Qb5 23. b3 Qa6 24. b4 h6 25. Bf1 b5 26. g4 fxg4 27. Qxe4 gxf3 28. Rxf3 Nxd4 29. Rfc3 Qa8 30. Qg4 R8d7 31. Rxc7 Nf3+ 32. Kh1 Ne5+ 33. Qg2 Qxa3 34. Qe4 Rxc7 35. Rxc7 Qa1 36. Rc8+ Kf7 37. Rc7+ Rd7 38. Qf4+ Ke7 39. Rc1 Qd4 40. Qg3 Nf7 41. Rc5 Qxb4 42. Rxb5 Qd4 43. h4 Nd6 44. Rb8 Nf5 45. Qa3+ Kf6 46. Qf8+ Rf7 47. Qd8+ Qxd8 48. Rxd8 Nxh4 49. Bc4 Ke7 50. Rd4 Nf3 51. Re4 Rf6 52. Re3 Nd4 53. Kg2 Rf4 54. Ba2 Kf6 55. Re1 Rg4+ 56. Kh3 h5 57. f3 Rf4 58. Kg2 Rxf3 59. Bxe6 Rc3 60. Bd7 Rc2+ 61. Kg3 Nf5+ 62. Kf3 g6 63. Re6+ Kg7 64. Rb6 Rc3+ 65. Kf4 Ne7 66. Rb7 Rc7 67. Rxc7 Nd5+ 68. Ke5 Nxc7 69. Kd6 Na6 70. Ke5 Kf7 71. Be6+ Ke7 72. Bc4 Nc5 73. Bb5 Ne6 74. Bd3 Nf8 75. Bb5 Kf7 76. Bc6 Kg7 77. Be8 Nh7 78. Bd7 Kh6 79. Kf4 Ng5 80. Bc8 Nf7 81. Be6 Kg7 82. Bd7 Kf6 83. Bc8 Ne5 84. Kg3 g5 85. Kh3 g4+ 86. Kh4 Kg6 87. Bb7 Kh6 88. Be4 Ng6+ 89. Kg3 Kg5 90. Bb7 h4+ 91. Kf2 Kf4 92. Bc8 h3 93. Bd7 Ne5 94. Bc8 g3+ 0-1

[Event "Astana Zhuldyzdary op-A"]
[Site "Astana"]
[Date "2023.07.12"]
[Round "3"]
[White "Sarzhanov, Chingizkhan"]
[Black "Abdisalimov, Abdimalik"]
[Result "0-1"]
[WhiteElo "1889"]
[BlackElo "2451"]
[PlyCount "54"]
[EventDate "2023.07.11"]
[EventType "swiss"]
[EventRounds "10"]
[EventCountry "KAZ"]
[SourceTitle "CBM 215 Extra"]
[Source "ChessBase"]
[SourceDate "2023.09.30"]
[SourceVersion "1"]
[SourceVersionDate "2023.09.30"]
[SourceQuality "1"]

1. d4 Nf6 2. c4 c5 3. d5 g6 4. Nc3 Bg7 5. e4 d6 6. Nf3 0-0 7. h3 e6 8. Bd3 Na6 9. 0-0 Nc7 10. Rb1 Re8 11. Qc2 Rb8 12. Be3 exd5 13. cxd5 b5 14. b4 c4 15. Be2 Nxe4 16. Nxe4 Bf5 17. Nfd2 Nxd5 18. g4 Nxe3 19. fxe3 Bxe4 20. Nxe4 d5 21. Nc5 Rxe3 22. Bf3 d4 23. a4 d3 24. Qd2 Qd4 25. Kh1 c3 26. Qg2 c2 27. Rbe1 Rxe1 0-1

[Event "Astana op"]
[Site "Astana"]
[Date "2019.07.15"]
[Round "6"]
[White "Sarzhanov, Chingizkhan"]
[Black "Omarov, Ospan"]
[Result "1-0"]
[WhiteElo "1968"]
[BlackElo "2117"]
[PlyCount "40"]
[EventDate "2019.07.09"]
[EventType "swiss"]
[EventRounds "9"]
[EventCountry "KAZ"]
[SourceTitle "EXT 2020"]
[Source "ChessBase"]
[SourceDate "2019.10.17"]
[SourceVersion "1"]
[SourceVersionDate "2019.10.17"]
[SourceQuality "1"]

1. e4 c5 2. Nf3 Nc6 3. d4 cxd4 4. Nxd4 Nf6 5. Nc3 d6 6. Be2 Bd7 7. Be3 g6 8. f3 Bg7 9. Qd2 0-0 10. 0-0-0 Nxd4 11. Bxd4 Qa5 12. Kb1 Rfc8 13. Bxf6 exf6 14. Qxd6 Be6 15. Nd5 Rd8 16. Qf4 Rac8 17. c4 Kh8 18. g4 h6 19. h4 b5 20. cxb5 f5 1-0